Lanean...

Charukasaera/

Xehetasun bibliografikoak
Egile nagusia: Muhamad Beeran, Thoppil
Formatua: Printed Book
Hizkuntza:Malayalam
Argitaratua: Thrissur: Current Books, 2007
LEADER 00583nam a22001817a 4500
003 OSt
005 20200624124453.0
008 160727b xxu||||| |||| 00| 0 mal d
041 |a mal 
082 |a 894.8113 MUH/C 
100 |a Muhamad Beeran, Thoppil 
245 |a Charukasaera/  |c Thoppil Muhamad Beeran 
260 |a Thrissur:  |b Current Books,  |c 2007 
300 |a 259p. 
546 |a In Malayalam 
942 |2 ddc  |c BK 
999 |c 330242  |d 330242 
952 |0 0  |1 0  |2 ddc  |4 0  |6 894_811300000000000_MUH_C  |7 0  |9 376838  |a CSC  |b CSC  |c ST1  |d 2016-07-27  |i 13663  |l 0  |o 894.8113 MUH/C  |p CSC13663  |r 2016-07-27  |w 2016-07-27  |y BK